Báza poznatkov o strategickej kontrole a možnosti jej využitia v praxi
Strategická kontrola v podnikoch značnou mierou prispieva k skvalitňovaniu, zefektívňovaniu a zdokonaľovaniu celého strategického manažmentu. Možnosti aplikovania teoretických poznatkov z oblasti strategického manažmentu v podnikoch na domácom trhu a v zahraničí.
Saved in:
| Main Author: | |
|---|---|
| Other Authors: | |
| Format: | Book Chapter |
| Language: | Slovak |
| Subjects: | |
| Tags: |
No Tags, Be the first to tag this record!
|
MARC
| LEADER | 00000nla a2200000 4500 | ||
|---|---|---|---|
| 001 | 0229680 | ||
| 005 | 20240502073759.1 | ||
| 041 | 0 | |a slo | |
| 044 | |a SK | ||
| 245 | 1 | 0 | |a Báza poznatkov o strategickej kontrole a možnosti jej využitia v praxi |c Ivana Mišúnová Hudáková, Juraj Mišún |
| 520 | |a Strategická kontrola v podnikoch značnou mierou prispieva k skvalitňovaniu, zefektívňovaniu a zdokonaľovaniu celého strategického manažmentu. Možnosti aplikovania teoretických poznatkov z oblasti strategického manažmentu v podnikoch na domácom trhu a v zahraničí. | ||
| 610 | 2 | 0 | |a manažment strategický |
| 610 | 2 | 0 | |a metódy riadenia |
| 610 | 2 | 0 | |a metódy organizácie |
| 610 | 2 | 0 | |a kontroling strategický |
| 610 | 2 | 0 | |a kontroling operatívny |
| 610 | 2 | 0 | |a predpisy organizačné |
| 100 | 1 | |a Mišúnová Hudáková, Ivana, 1976- | |
| 700 | 1 | |a Mišún, Juraj, 1978- | |